Memoria
Сохранить в:
| Формат: | Неизвестно |
|---|---|
| Опубликовано: |
San José:
Diseño Alternativo
|
| Предметы: | |
| Метки: |
Добавить метку
Нет меток, Требуется 1-ая метка записи!
|
MARC
| LEADER | 00000 a2200000 04500 | ||
|---|---|---|---|
| 001 | 18931 | ||
| 003 | |||
| 008 | 991231s d | ||
| 040 | |||
| 090 | |a 144804 | ||
| 245 | |a Memoria | ||
| 260 | |a San José: |b Diseño Alternativo | ||
| 300 | |a 199 p. | ||
| 650 | |a MUJERES | ||
| 650 | |a HISTORIA POLITICA | ||
| 650 | |a CONFLICTOS POLITICOS | ||
| 650 | |a PARTIDOS POLITICOS | ||
| 650 | |a PARTICIPACION DE LA MUJER | ||
| 650 | |a ORGANIZACIONES FEMENINAS | ||
| 650 | |a MOVIMIENTOS SOCIALES | ||
| 999 | |c 8880 |d 8880 | ||
